Sports Quiz

Random Sports or WWE Quiz

WWE Hell in a Cell 2013 PPV Card Quiz Stats

 Plays Quiz not verified by Sporcle

Challenge
Share
Tweet
Embed
Score 0/25 Timer 05:00
0 Plays Today
Match Superstar % Correct
Match 6 - World Heavyweight ChampionshipJohn Cena
94.4%
Match 8 - Hell in a Cell Match for the WWE ChampionshipRandy Orton
93.6%
Match 8 - Hell in a Cell Match for the WWE ChampionshipDaniel Bryan
89.8%
Match 1 - Tag Team ChampionshipJey Uso
86.9%
Match 1 - Tag Team ChampionshipJimmy Uso
86.9%
Match 4 - Handicap Hell in a Cell MatchCM Punk
86.4%
Match 7 - Divas ChampionshipAJ Lee (with Tamina Snuka)
85.5%
Match 1 - Tag Team ChampionshipGoldust
82.7%
Match 1 - Tag Team ChampionshipCody Rhodes
82.3%
Match 1 - Tag Team ChampionshipRoman Reigns
81.9%
Match 1 - Tag Team ChampionshipSeth Rollins
81.8%
Match 6 - World Heavyweight ChampionshipAlberto Del Rio
81.4%
Match 3 - US ChampionshipDean Ambrose
80.4%
Match Superstar % Correct
Match 4 - Handicap Hell in a Cell MatchRyback
80.3%
Match 7 - Divas ChampionshipBrie Bella (with Nikki Bella)
76.8%
Match 4 - Handicap Hell in a Cell MatchPaul Heyman
73.6%
Match 5 - Tag Team MatchJack Swagger (with Zeb Colter)
69.3%
Match 5 - Tag Team MatchAntonio Cesaro (with Zeb Colter)
69.1%
Match 2 - Mixed Tag Team MatchNatalya (with Hornswoggle)
56.4%
Match 3 - US ChampionshipBig E Langston
52.3%
Match 2 - Mixed Tag Team MatchThe Great Khali (with Hornswoggle)
50.6%
Match 2 - Mixed Tag Team MatchFandango
49.6%
Match 2 - Mixed Tag Team MatchSummer Rae
49%
Match 5 - Tag Team MatchDiego (with El Torito)
42.5%
Match 5 - Tag Team MatchFernando (with El Torito)
41.4%

You're not logged in!

Compare scores with friends on all Sporcle quizzes.
Join for Free
OR
Log In

You Might Also Like...

Show Comments

Extras

Curator's Pick Oct 26, 2014ReportNominate
Tags:WWE Quiz, 2013, cell, hell, note, ppv, superstar, wrestlers

Top Quizzes Today


Score Distribution

Your Account Isn't Verified!

In order to create a playlist on Sporcle, you need to verify the email address you used during registration. Go to your Sporcle Settings to finish the process.

Report this User

Report this user for behavior that violates our Community Guidelines.

Details: